[Event "Montevideo Duchamp Cup 4th"]
[Site "Montevideo"]
[Date "2020.02.13"]
[Round "7"]
[White "Urrestarazu, Diego"]
[Black "Munoz Rozas, Diego"]
[Result "0-1"]
[WhiteElo "1837"]
[BlackElo "1685"]
[PlyCount "100"]
[EventDate "2020.02.08"]
[EventType "swiss"]
[EventRounds "9"]
[EventCountry "URU"]
[SourceTitle "CBM 194 Extra"]
[Source "ChessBase"]
[SourceDate "2020.03.31"]
[SourceVersion "1"]
[SourceVersionDate "2020.03.31"]
[SourceQuality "1"]

1. c4 Nf6 2. Nc3 g6 3. d4 Bg7 4. e4 d6 5. f3 0-0 6. Be3 Na6 7. Qd2 c5 8. d5 e6 9. Rd1 exd5 10. cxd5 Re8 11. Bxa6 bxa6 12. Nge2 Rb8 13. 0-0 Nd7 14. f4 Qb6 15. Rb1 Qb4 16. Qc2 Nf6 17. a3 Qb3 18. Qxb3 Rxb3 19. e5 Ng4 20. Bc1 Bf5 21. Ra1 dxe5 22. h3 Nf6 23. Ng3 Bd3 24. fxe5 Rxe5 25. Bf4 Re8 26. Rfd1 c4 27. Rd2 Nd7 28. Na4 Bd4+ 29. Kh1 Be3 30. Bxe3 Rxe3 31. Nf1 Re5 32. Rad1 Bxf1 33. Rxf1 Rd3 34. Rc2 Rexd5 35. Rxc4 Nb6 36. Rb4 Nxa4 37. Rxa4 a5 38. Rc1 Rb3 39. Rc7 Rxb2 40. Rxa7 Rbb5 41. Rc4 h5 42. Rc2 Rf5 43. Kh2 Kg7 44. Ra6 Rb3 45. Ra2 h4 46. a4 Rb1 47. g4 hxg3+ 48. Kxg3 Rb3+ 49. Kg4 Rbf3 50. Ra7 Kh6 0-1

[Event "Montevideo Duchamp Cup 4th"]
[Site "Montevideo"]
[Date "2020.02.08"]
[Round "1"]
[White "Amura, Claudia Noemi"]
[Black "Munoz Rozas, Diego"]
[Result "1-0"]
[WhiteElo "2245"]
[BlackElo "1685"]
[PlyCount "73"]
[EventDate "2020.02.08"]
[EventType "swiss"]
[EventRounds "9"]
[EventCountry "URU"]
[SourceTitle "CBM 194 Extra"]
[Source "ChessBase"]
[SourceDate "2020.03.31"]
[SourceVersion "1"]
[SourceVersionDate "2020.03.31"]
[SourceQuality "1"]

1. d4 Nf6 2. Bg5 Ne4 3. Bf4 d5 4. e3 e6 5. Nd2 Nxd2 6. Qxd2 Bd6 7. Bg3 c5 8. dxc5 Bxg3 9. hxg3 Nc6 10. Nf3 Qf6 11. Rb1 Bd7 12. b4 Rd8 13. Be2 0-0 14. Bd3 g6 15. e4 Ne5 16. Qh6 Nxf3+ 17. gxf3 Qc3+ 18. Kf1 Qg7 19. exd5 exd5 20. Qxg7+ Kxg7 21. Rh4 Rfe8 22. Rd4 Re5 23. Kg1 Rde8 24. Kg2 Rh5 25. g4 Rhe5 26. Kg3 g5 27. f4 gxf4+ 28. Kxf4 f5 29. Rh1 Re4+ 30. Bxe4 fxe4 31. Rxd5 Rf8+ 32. Kg5 Bc6 33. Re5 Rxf2 34. b5 Bxb5 35. Re7+ Kf8 36. Rxb7 a6 37. Rhxh7 1-0

[Event "Santiago IRT"]
[Site "Santiago de Chile"]
[Date "2017.04.14"]
[Round "1.6"]
[White "Hernandez Cueto, Camilo"]
[Black "Munoz Rozas, Diego"]
[Result "1-0"]
[WhiteElo "1277"]
[BlackElo "1775"]
[PlyCount "38"]
[EventDate "2017.04.14"]
[EventType "swiss"]
[EventRounds "5"]
[EventCountry "CHI"]
[SourceTitle "EXT 2024"]
[Source "ChessBase"]
[SourceDate "2023.10.10"]
[SourceVersion "1"]
[SourceVersionDate "2023.10.10"]
[SourceQuality "1"]

1. d4 Nf6 2. c4 g6 3. Nc3 Bg7 4. e4 d6 5. Nf3 0-0 6. Be2 e5 7. 0-0 Nc6 8. Be3 Re8 9. d5 Ne7 10. b4 Nh5 11. Re1 f5 12. Ng5 Nf6 13. Bf3 h6 14. Ne6 Bxe6 15. dxe6 Qc8 16. Nd5 c6 17. Nxe7+ Rxe7 18. Qxd6 Rxe6 19. Qd3 f4 1-0

[Event "Santiago IRT"]
[Site "Santiago de Chile"]
[Date "2017.04.14"]
[Round "4.3"]
[White "Munoz Rozas, Diego"]
[Black "Roman Alvarez, Oscar Carlos"]
[Result "0-1"]
[WhiteElo "1775"]
[BlackElo "1904"]
[PlyCount "56"]
[EventDate "2017.04.14"]
[EventType "swiss"]
[EventRounds "5"]
[EventCountry "CHI"]
[SourceTitle "EXT 2024"]
[Source "ChessBase"]
[SourceDate "2023.10.10"]
[SourceVersion "1"]
[SourceVersionDate "2023.10.10"]
[SourceQuality "1"]

1. d4 Nf6 2. Bg5 d5 3. Nf3 Nbd7 4. g3 g6 5. Bg2 Bg7 6. Nc3 0-0 7. Qd2 c6 8. Bh6 Re8 9. Bxg7 Kxg7 10. 0-0-0 e5 11. dxe5 Nxe5 12. Nxe5 Rxe5 13. e4 Qa5 14. f4 Re8 15. e5 Ng8 16. Qd4 Qb6 17. Qd2 Bg4 18. Rde1 Rad8 19. h3 Bc8 20. g4 Qa6 21. Bf1 b5 22. Kb1 Qa5 23. Qf2 b4 24. Ne2 d4 25. Nxd4 Rxd4 26. Qxd4 b3 27. Bc4 Rd8 28. Qc3 Qxa2+ 0-1